| 000 | 01089nam a2200241 4500 | ||
|---|---|---|---|
| 001 | 113952 | ||
| 003 | DR-UNIBE | ||
| 005 | 20250728103823.0 | ||
| 008 | 250728b2007 pn ||||| |||| 00| 0 spa d | ||
| 020 | _a9789962883067 | ||
| 040 |
_aBIBLIOTECA UNIBE _cBIBLIOTECA UNIBE _bspa _erda |
||
| 041 | _aspa | ||
| 082 |
_222 _a340.097287 C965h |
||
| 100 | 1 | 0 |
_aCuesta Gómez, Carlos Humberto, _d1953- _9197704 _eautor |
| 245 | 1 | o |
_aHistoria de la justicia Panameña / _cCarlos H. Cuestas G. |
| 250 | _aPrimera edición | ||
| 260 |
_aPanamá: _bOrgano Judicial, _c2007 |
||
| 300 |
_a309 páginas : _c24 x 17 cm |
||
| 505 | _aCapitulo Primero: Una Visión indígena de la justicia en el Istmo de panamá | Capitulo Segundo:Antecedentes hispánicos del judicial panameño | Capitulo Tercero: la administración de justicia durante la unión a Colombia (1821-1903) | Capitulo Cuarto. La justicia Panameña durante la República | Anexos | ||
| 650 | 7 |
_2lemb _aJusticia panameña _xHistoria _9197726 |
|
| 650 | 7 |
_2lemb _aAdministración de justicia _zPanamá _xHistoria _9197727 |
|
| 942 |
_2ddc _cBK |
||
| 999 |
_c113952 _d113952 |
||